| 000 | 00926cam a22002054a 4500 | ||
|---|---|---|---|
| 005 | 20250605163939.0 | ||
| 008 | 250528s ||||||||||||||||||||||||d | ||
| 035 | _a14970 | ||
| 020 | _a574212655 | ||
| 040 |
_aGR-AtMCL _bgre _dGR-AtMCL _eAACR2 |
||
| 245 | 1 | _aInformation Processing / Third Edition | |
| 250 | _a3rd | ||
| 260 |
_bScience Research Associates, _c1980 |
||
| 300 | _a492 | ||
| 520 | _aAn Introduction to Data Processing, An Electronic Data-Processing System, Data Representation, Data-Recording Media, Input/ Output Devices, Storage Devices, The Central Processing Unit, Computer Operations, EDP Systems, Developing a Program, Programming Techniques, Programming Languages, Operating Systems, Computer Files and Data Bases, Advanced Systems Concepts, Data Communications, Computer Security and Controls, Glossary and Index. | ||
| 700 | 1 |
_aBohl Marilyn _9787 |
|
| 942 | _cBK | ||
| 999 |
_c579 _d579 |
||